| 000 | 01152cam a22003497a 4500 | ||
|---|---|---|---|
| 003 | CHAP | ||
| 005 | 20220329141627.0 | ||
| 008 | 971013s1980 r 00010 d | ||
| 010 | _a71280 | ||
| 011 | _a72252 | ||
| 035 | _a81806 | ||
| 040 | _cCHAP | ||
| 082 |
_a581.1 _bG35 1980 |
||
| 100 | 0 | 0 |
_aGalston, Arthur William. _944493 |
| 245 | 1 | 4 | _aThe life of the green plants |
| 250 | _a3 ed. | ||
| 260 |
_aEnglewood Cliffs, N.J. : _bPrentice-Hall, _c1980 |
||
| 300 |
_a464 p. _b: ilus. |
||
| 590 |
_aBATCH-UPD _b10 _c20130110 _lUCH01 _h0036 |
||
| 590 |
_aBATCH-UPD _b10 _c20130110 _lUCH01 _h0623 |
||
| 590 |
_aBATCH-UPD _b10 _c20130110 _lUCH01 _h2336 |
||
| 590 |
_aBATCH-UPD _b10 _c20130410 _lUCH01 _h0306 |
||
| 590 |
_aBATCH-UPD _b10 _c20130914 _lUCH01 _h1137 |
||
| 590 |
_aCONVERSION _b10 _c20130109 _lUCH01 _h1339 |
||
| 650 | 1 | 4 |
_aFisiologĂa vegetal. _941136 |
| 700 | 0 |
_aDavies, Peter J. _931225 |
|
| 700 | 0 |
_aSatter, Ruth L. _9102703 |
|
| 901 | _aBK | ||
| 942 | _cLIBRO | ||
| 949 |
_a581.1 G35 1980 _bBC _cLIBRO _d33724000523551 _eLIBRO _fc.2 _h55815 _i81806 _si _t588.00 |
||
| 949 |
_a581.1 G35 1980 _bBC _cLIBRO _d33724000523569 _eLIBRO _h55814 _i81806 _si _t588.00 |
||
| 999 |
_c71280 _d71280 |
||